[Event "Erandio op 28th"]
[Site "Erandio"]
[Date "2019.12.20"]
[Round "7"]
[White "Perez Fernandez, Modesto C"]
[Black "Villanueva Arguinberri, Bruno"]
[Result "1-0"]
[WhiteElo "2134"]
[BlackElo "2029"]
[PlyCount "135"]
[EventDate "2019.12.14"]
[EventType "swiss"]
[EventRounds "8"]
[EventCountry "ESP"]
[SourceTitle "CBM 194 Extra"]
[Source "ChessBase"]
[SourceDate "2020.03.31"]
[SourceVersion "1"]
[SourceVersionDate "2020.03.31"]
[SourceQuality "1"]

1. e4 e5 2. Nf3 Nf6 3. Nxe5 d6 4. Nf3 Nxe4 5. d4 d5 6. Bd3 Bd6 7. 0-0 0-0 8. Re1 Re8 9. c4 c6 10. Qc2 f5 11. Qb3 Qb6 12. Qxb6 axb6 13. cxd5 cxd5 14. Nc3 Bb4 15. Bd2 Bxc3 16. Bxc3 Bd7 17. Ne5 Bc6 18. Bb4 g6 19. f3 Nf6 20. a3 Nbd7 21. Nxd7 Bxd7 22. Kf2 Kf7 23. Rac1 Rxe1 24. Kxe1 Rc8 25. Ra1 Ba4 26. Kd2 Rc6 27. Re1 Re6 28. Rb1 Bb3 29. Rc1 Rc6 30. Re1 Re6 31. Ra1 Ba4 32. Rb1 Bb3 33. Kc3 Re3 34. Kxb3 Rxd3+ 35. Bc3 Re3 36. Re1 Rxe1 37. Bxe1 g5 38. Kb4 Ke6 39. Kb5 Nd7 40. h4 h6 41. hxg5 hxg5 42. Bd2 f4 43. Bb4 Kf5 44. Bd6 g4 45. Bc7 gxf3 46. gxf3 Kg5 47. a4 Nf8 48. Kxb6 Ne6 49. Be5 Nf8 50. Kc5 Nd7+ 51. Kxd5 Nb6+ 52. Ke4 Nxa4 53. Bxf4+ Kg6 54. Bc1 Kf6 55. Kd5 Ke7 56. Kc4 Nb6+ 57. Kb5 Nd7 58. Bf4 Ke6 59. Be5 Kd5 60. f4 Ke4 61. Kc4 Nb6+ 62. Kb5 Nd7 63. b4 Kf5 64. d5 Ke4 65. d6 Kd5 66. Ka4 Nb6+ 67. Kb3 Nc4 68. d7 1-0

[Event "Basque-ch"]
[Site "Getxo"]
[Date "2019.04.26"]
[Round "5"]
[White "Perez Fernandez, Modesto C"]
[Black "Martinez Fernandez, Adrian"]
[Result "0-1"]
[WhiteElo "2115"]
[BlackElo "2318"]
[PlyCount "90"]
[EventDate "2019.04.22"]
[EventType "swiss"]
[EventRounds "7"]
[EventCountry "ESP"]
[SourceTitle "CBM 190 Extra"]
[Source "ChessBase"]
[SourceDate "2019.07.15"]
[SourceVersion "1"]
[SourceVersionDate "2019.07.15"]
[SourceQuality "1"]

1. e4 c5 2. Nf3 d6 3. d4 cxd4 4. Nxd4 Nf6 5. Nc3 a6 6. Bg5 Nbd7 7. f4 Qa5 8. Qd2 b5 9. Nb3 Qc7 10. Bd3 e5 11. 0-0-0 Bb7 12. a3 Be7 13. g4 Rd8 14. Kb1 0-0 15. Bxf6 Nxf6 16. g5 Nh5 17. f5 f6 18. g6 h6 19. Ne2 d5 20. Qe3 Rd7 21. Qf3 Rfd8 22. Nd2 b4 23. axb4 Bxb4 24. c3 Bf8 25. Bc2 dxe4 26. Nxe4 Qc4 27. Rxd7 Rxd7 28. Re1 Bd5 29. b3 Rb7 30. Nc1 Nf4 31. Rd1 Qc6 32. Qe3 Rb8 33. Qa7 Rb7 34. Qe3 Rb8 35. Qa7 Rc8 36. Qe3 Kh8 37. c4 Ba3 38. Nc3 Bg8 39. Be4 Qc7 40. Qd2 Rb8 41. Qd7 Qxc4 42. Qc6 Rxb3+ 43. Ka1 Qxc6 44. Bxc6 Rxc3 45. Rd8 Rxc1# 0-1

[Event "Bizkaia-ch"]
[Site "Bilbao"]
[Date "2018.10.20"]
[Round "1"]
[White "Perez Fernandez, Modesto C"]
[Black "Galarza Docampo, Karmel"]
[Result "1-0"]
[WhiteElo "2134"]
[BlackElo "1901"]
[PlyCount "119"]
[EventDate "2018.10.20"]
[EventType "swiss"]
[EventRounds "6"]
[EventCountry "ESP"]
[SourceTitle "CBM 187 Extra"]
[Source "ChessBase"]
[SourceDate "2018.11.04"]
[SourceVersion "1"]
[SourceVersionDate "2018.11.04"]
[SourceQuality "1"]

1. e4 c5 2. Nf3 e6 3. d4 cxd4 4. Nxd4 a6 5. Nc3 Qc7 6. Bd3 Nf6 7. 0-0 Bc5 8. Nb3 Be7 9. Qe2 d6 10. Be3 Nbd7 11. a4 b6 12. Rfc1 Bb7 13. f3 0-0 14. Nd4 Rfe8 15. Qf2 d5 16. exd5 Nxd5 17. Nxd5 Bxd5 18. c4 Bb7 19. Nb3 Nc5 20. Nxc5 Bxc5 21. b4 Bxe3 22. Qxe3 Red8 23. c5 bxc5 24. Rxc5 Qb6 25. Bxh7+ Kf8 26. a5 Qd6 27. Be4 Rab8 28. Rac1 Bxe4 29. Qxe4 Qd4+ 30. Qxd4 Rxd4 31. Rc8+ Rxc8 32. Rxc8+ Ke7 33. Rb8 Rd2 34. Rb7+ Kf6 35. h3 Rb2 36. Kh2 Kg6 37. Kg3 Kf6 38. h4 g6 39. Rb6 Rb3 40. Kf4 Rb2 41. g4 Rb3 42. Ke4 Rb1 43. Rb7 Re1+ 44. Kd3 Rf1 45. Ke2 Rb1 46. Rb6 Rb3 47. Kd2 Rxf3 48. Rxa6 Rf4 49. Rb6 Rxg4 50. a6 Rxh4 51. a7 Rh2+ 52. Ke3 Ra2 53. Rb7 g5 54. b5 Ra3+ 55. Kd2 Ra2+ 56. Kd3 Ra3+ 57. Kc4 g4 58. b6 g3 59. Rb8 g2 60. Rg8 1-0

[Event "Euskadi-chT (Vasca) Div 1st"]
[Site "Bergara"]
[Date "2018.01.13"]
[Round "1.1"]
[White "Perez Fernandez, Modesto C"]
[Black "Ladron de Guevara Galar, Francisco Javier"]
[Result "1-0"]
[WhiteElo "2131"]
[BlackElo "2098"]
[PlyCount "53"]
[EventDate "2018.01.13"]
[EventType "team-tourn"]
[EventRounds "9"]
[EventCountry "ESP"]
[SourceTitle "EXT 2020"]
[Source "ChessBase"]
[SourceDate "2019.10.17"]
[SourceVersion "1"]
[SourceVersionDate "2019.10.17"]
[SourceQuality "1"]
[WhiteTeam "Portugalete"]
[BlackTeam "Zarautz"]
[WhiteTeamCountry "ESP"]
[BlackTeamCountry "ESP"]

1. e4 e5 2. Nf3 Nc6 3. Bb5 a6 4. Bxc6 dxc6 5. 0-0 Qf6 6. d4 exd4 7. Bg5 Qd6 8. Nxd4 Bd7 9. Nc3 Be7 10. Be3 0-0-0 11. Qe2 Nh6 12. f3 Rhe8 13. Nb3 Kb8 14. Rad1 Qg6 15. Qf2 f5 16. Ba7+ Ka8 17. Bc5 Bg5 18. f4 Ng4 19. Qg3 Be7 20. Bxe7 Rxe7 21. h3 Nh6 22. Qxg6 hxg6 23. e5 Rde8 24. Nc5 Bc8 25. h4 b5 26. Nd3 Ng8 27. Nf2 1-0

[Event "Euskadi-ch"]
[Site "Zornotza"]
[Date "2016.03.28"]
[Round "1"]
[White "Gonzalez de la Torre, Santiago"]
[Black "Perez Fernandez, Modesto C"]
[Result "1-0"]
[WhiteElo "2428"]
[BlackElo "2091"]
[PlyCount "59"]
[EventDate "2016.03.28"]
[EventType "swiss"]
[EventRounds "7"]
[EventCountry "ESP"]
[SourceTitle "EXT 2018"]
[Source "ChessBase"]
[SourceDate "2017.10.13"]
[SourceVersion "1"]
[SourceVersionDate "2017.10.13"]
[SourceQuality "1"]

1. e4 c5 2. Nc3 e6 3. Nf3 Nc6 4. d4 cxd4 5. Nxd4 Qc7 6. Be2 a6 7. 0-0 Nf6 8. Be3 Bb4 9. Na4 0-0 10. c4 Be7 11. Rc1 Nxe4 12. c5 f5 13. g3 Kh8 14. Bf3 Rb8 15. Bf4 e5 16. Nxf5 exf4 17. Nxe7 Nxe7 18. Bxe4 Qe5 19. Re1 Qf6 20. Qd6 Qxd6 21. cxd6 Ng8 22. Nb6 Nh6 23. Rc5 Nf7 24. Rf5 g6 25. Rxf4 Kg7 26. Bd5 g5 27. Rxf7+ Rxf7 28. Bxf7 Kxf7 29. Re7+ Kf8 30. Rxh7 1-0

[Event "Erandio op 23rd"]
[Site "Erandio"]
[Date "2014.12.23"]
[Round "5"]
[White "Perez Fernandez, Modesto C"]
[Black "Prieto Aranguren, Alain"]
[Result "0-1"]
[WhiteElo "2042"]
[BlackElo "2203"]
[PlyCount "104"]
[EventDate "2014.12.20"]
[EventType "swiss"]
[EventRounds "8"]
[EventCountry "ESP"]
[SourceTitle "CBM 164 Extra"]
[Source "ChessBase"]
[SourceDate "2015.03.02"]
[SourceVersion "1"]
[SourceVersionDate "2015.03.02"]
[SourceQuality "1"]

1. e4 d6 2. d4 Nf6 3. Nc3 g6 4. Bg5 Bg7 5. f4 0-0 6. Qd2 d5 7. e5 Ne4 8. Nxe4 dxe4 9. Bc4 Kh8 10. Ne2 f6 11. Bh4 c5 12. c3 Nc6 13. exf6 exf6 14. dxc5 Qxd2+ 15. Kxd2 Rd8+ 16. Kc2 Bg4 17. b4 b6 18. Rhd1 bxc5 19. bxc5 Rdc8 20. Ba6 Rc7 21. Rd6 Rf8 22. Rad1 Nb8 23. h3 Nxa6 24. hxg4 Nxc5 25. Rd8 Rc8 26. Rxf8+ Rxf8 27. Rd5 Rc8 28. Rd6 f5 29. gxf5 gxf5 30. Rd8+ Rxd8 31. Bxd8 Ne6 32. Be7 Kg8 33. Bd6 Kf7 34. Kb3 Nd8 35. Kc4 Ke6 36. Bc5 a6 37. Nd4+ Bxd4 38. cxd4 Nf7 39. d5+ Kd7 40. a4 Nh6 41. Kb4 Ng4 42. Ka5 e3 43. Kxa6 e2 44. Bb4 Ne3 45. Kb7 Nc2 46. Bd2 e1Q 47. Bxe1 Nxe1 48. a5 Nd3 49. a6 Nc5+ 50. Kb6 Nxa6 51. Kxa6 Kd6 52. Kb5 Kxd5 0-1

[Event "Euskadi-ch"]
[Site "Zornotza"]
[Date "2012.04.09"]
[Round "1"]
[White "Perez Fernandez, Modesto C"]
[Black "Etchegaray, Patrice"]
[Result "0-1"]
[WhiteElo "2056"]
[BlackElo "2408"]
[PlyCount "164"]
[EventDate "2012.04.09"]
[EventType "swiss"]
[EventRounds "7"]
[EventCountry "ESP"]
[SourceTitle "CBM 147 Extra"]
[Source "ChessBase"]
[SourceDate "2012.04.24"]
[SourceVersion "1"]
[SourceVersionDate "2012.04.24"]
[SourceQuality "1"]

1. e4 c5 2. Nf3 Nc6 3. d4 cxd4 4. Nxd4 e5 5. Nb5 d6 6. N1c3 a6 7. Na3 b5 8. Nd5 Nf6 9. Bg5 Be7 10. Bxf6 Bxf6 11. c4 Nd4 12. cxb5 Bb7 13. Bc4 0-0 14. bxa6 Bxa6 15. 0-0 g6 16. Bxa6 Rxa6 17. Nc2 Bg7 18. Nxd4 exd4 19. Qd3 Ra7 20. a3 f5 21. Nb4 Qa8 22. exf5 Rxf5 23. Rac1 Raf7 24. Qc4 Rc5 25. Qe6 Bh6 26. Rxc5 dxc5 27. Nd3 Bg7 28. Nxc5 Qf8 29. b4 Kh8 30. Re1 Rf6 31. Qd7 Rd6 32. Qb5 Rd8 33. Qe2 Qf5 34. Qd3 Qd5 35. a4 Rb8 36. Na6 Rf8 37. b5 Qa2 38. Rf1 Qxa4 39. Nc5 Qb4 40. Ne6 Re8 41. Nxg7 Kxg7 42. h3 Re5 43. Rd1 Re1+ 44. Kh2 Qd6+ 45. g3 Rxd1 46. Qxd1 d3 47. Qd2 Qd4 48. Kg1 Qc4 49. Qb2+ Kh6 50. Qd2+ g5 51. h4 Qxb5 52. hxg5+ Kh5 53. f4 Qc5+ 54. Kf1 Qc2 55. Ke1 Qc4 56. Qh2+ Kg4 57. Qh4+ Kf3 58. Qh1+ Kxg3 59. Qg1+ Kxf4 60. Qh2+ Kxg5 61. Qxh7 Qc1+ 62. Kf2 Qf4+ 63. Kg2 Qg4+ 64. Kf2 Qd4+ 65. Kf3 Qf4+ 66. Kg2 d2 67. Qe7+ Kf5 68. Qf7+ Ke4 69. Qe6+ Kd4 70. Qb6+ Kd3 71. Qb3+ Ke2 72. Qe6+ Qe3 73. Qg4+ Ke1 74. Qh4+ Kd1 75. Qa4+ Kc1 76. Qa1+ Kc2 77. Qa4+ Qb3 78. Qe4+ Kc1 79. Qc6+ Qc2 80. Qh6 Qe4+ 81. Kf2 Qc2 82. Qd6 d1Q+ 0-1

[Event "Erandio op 18th"]
[Site "Erandio"]
[Date "2009.12.20"]
[Round "3"]
[White "Perez Fernandez, Modesto C"]
[Black "Meneses Arenas, Mikel"]
[Result "1-0"]
[WhiteElo "2067"]
[BlackElo "1853"]
[PlyCount "81"]
[EventDate "2009.12.19"]
[EventType "swiss"]
[EventRounds "9"]
[EventCountry "ESP"]
[SourceTitle "CBM 133 Extra"]
[Source "ChessBase"]
[SourceDate "2010.01.05"]
[SourceVersion "1"]
[SourceVersionDate "2010.01.05"]
[SourceQuality "1"]

1. e4 c5 2. Nf3 Nc6 3. d4 cxd4 4. Nxd4 d6 5. Nc3 Nf6 6. Be3 g6 7. f3 Bg7 8. Bc4 0-0 9. Qd2 a6 10. Bb3 Nd7 11. 0-0-0 Qa5 12. Kb1 Rd8 13. Nd5 Qxd2 14. Rxd2 Kf8 15. Nc7 Bxd4 16. Bxd4 Rb8 17. Be3 b5 18. Rhd1 Bb7 19. a3 Rbc8 20. Nd5 Na5 21. Ba2 Nc4 22. Bh6+ Ke8 23. Re2 Nce5 24. Bc1 Rc6 25. f4 Nc4 26. Ne3 Ndb6 27. b3 Nxe3 28. Bxe3 a5 29. Kb2 a4 30. Bd4 Bc8 31. h3 Bb7 32. Bb1 Rdc8 33. e5 dxe5 34. Rxe5 axb3 35. cxb3 Rd8 36. Rxb5 Rcd6 37. Bxb6 Ba6 38. Rxd6 Rxd6 39. Rb4 Bf1 40. Be4 Re6 41. a4 1-0

[Event "Erandio op 17th"]
[Site "Erandio"]
[Date "2008.12.20"]
[Round "2"]
[White "Perez Fernandez, Modesto C"]
[Black "Perez Palma, Jesus Maria"]
[Result "0-1"]
[WhiteElo "2117"]
[BlackElo "1819"]
[PlyCount "70"]
[EventDate "2008.12.20"]
[EventType "swiss"]
[EventRounds "9"]
[EventCountry "ESP"]
[SourceTitle "EXT 2024"]
[Source "ChessBase"]
[SourceDate "2023.10.10"]
[SourceVersion "1"]
[SourceVersionDate "2023.10.10"]
[SourceQuality "1"]

1. e4 e6 2. Nc3 d5 3. Nf3 Nf6 4. e5 Nfd7 5. d4 a6 6. Bd3 Be7 7. Bf4 c5 8. dxc5 Nxc5 9. 0-0 Nxd3 10. Qxd3 Nc6 11. a4 Nb4 12. Qd2 Bd7 13. Ne2 Rc8 14. c3 Nc6 15. Rfd1 Na5 16. Ned4 0-0 17. Qd3 Nc4 18. Rdb1 Qc7 19. h4 Rfe8 20. Bg3 Nb6 21. Qd1 Bf8 22. Nd2 Nc4 23. Nxc4 Qxc4 24. Qf1 Qxf1+ 25. Kxf1 Be7 26. f4 Rc4 27. a5 Bc5 28. Ne2 Bb5 29. Re1 Re4 30. b4 Be3 31. Rad1 Rc8 32. f5 Rxc3 33. fxe6 fxe6 34. Rb1 Rc7 35. Rb3 Bd4 0-1